[Event "SV Recklinghausen-Süd 1 - SF Essen-Kate"]
[Site "Verbandsliga - Gr. 2 2019/202"]
[Date "2019.10.27"]
[Round "2.8"]
[White "Stahlhofen, Thomas"]
[Black "Gehrmann, Ulrich"]
[Result "1-0"]
[WhiteElo "1832"]
[BlackElo "1967"]
[PlyCount "103"]
[EventDate "2019.??.??"]

1. d4 Nf6 2. c4 e6 3. Nc3 Bb4 4. e3 O-O 5. Bd3 d5 6. Nge2 dxc4 7. Bxc4 e5 8.
O-O Nc6 9. a3 Bd6 10. Nb5 a6 11. Nxd6 Qxd6 12. dxe5 Nxe5 13. Qxd6 cxd6 14. Ba2
Be6 15. Rd1 Bxa2 16. Rxa2 Rfd8 17. b3 Rac8 18. f3 d5 19. Rad2 Ned7 20. Bb2 Re8
21. Kf2 Rc6 22. Nd4 Rb6 23. Rc2 Nf8 24. b4 N8d7 25. Nf5 Ne5 26. Bxe5 Rxe5 27.
Rxd5 Re8 28. Rdc5 g6 29. Nd4 Kf8 30. Rc8 Nd5 31. Rxe8+ Kxe8 32. e4 Ne7 33. Nb3
Rc6 34. Rxc6 Nxc6 35. Nc5 Nd8 36. Ke3 Ke7 37. e5 f6 38. f4 fxe5 39. fxe5 Nc6
40. Ke4 a5 41. b5 Na7 42. a4 b6 43. Nd3 Nc8 44. Nf4 Kd7 45. Nd5 Ke6 46. g4 h6
47. h4 Kf7 48. h5 gxh5 49. gxh5 Ke6 50. Nf4+ Kf7 51. Kd5 Ne7+ 52. Kd6 1-0

[Event "Oberhausener SV 2 - SK Sodingen/Castrop"]
[Site "Verbandsliga - Gr. 2 2019/202"]
[Date "2019.10.27"]
[Round "2.1"]
[White "Ribbeheger, Edgar"]
[Black "Weyh, Thomas"]
[Result "1/2-1/2"]
[WhiteElo "2014"]
[BlackElo "1993"]
[PlyCount "73"]
[EventDate "2019.??.??"]

1. c4 e6 2. g3 d5 3. Bg2 Nf6 4. Nc3 d4 5. Ne4 Nxe4 6. Bxe4 c5 7. d3 Nc6 8.
Bxc6+ bxc6 9. Qa4 Bd7 10. Nf3 f6 11. Nd2 Be7 12. f4 O-O 13. O-O Qc7 14. Ne4 f5
15. Nf2 Rab8 16. Qc2 Bf6 17. Rb1 e5 18. e4 exf4 19. Bxf4 Be5 20. Bxe5 Qxe5 21.
exf5 Bxf5 22. Rbe1 Qd6 23. Ne4 Bxe4 24. Rxf8+ Qxf8 25. Rxe4 Qf3 26. Qe2 Rf8 27.
Re5 Qxe2 28. Rxe2 Rf3 29. Rd2 g5 30. Kg2 g4 31. h3 h5 32. h4 Kg7 33. Kh2 Kf6
34. Kg2 Kg6 35. Rd1 Kg7 36. Rd2 Kg6 37. Rd1 1/2-1/2

[Event "Oberhausener SV 2 - SK Sodingen/Castrop"]
[Site "Verbandsliga - Gr. 2 2019/202"]
[Date "2019.10.27"]
[Round "2.2"]
[White "Krueger, André"]
[Black "Haberhausen, Ansgar"]
[Result "0-1"]
[WhiteElo "1959"]
[BlackElo "1998"]
[PlyCount "46"]
[EventDate "2019.??.??"]

1. d4 Nf6 2. Bf4 d5 3. e3 e6 4. Nd2 Bd6 5. Bg3 c5 6. Ngf3 Nc6 7. c3 O-O 8. Bb5
Ne7 9. Bd3 Nf5 10. Bxf5 exf5 11. Bxd6 Qxd6 12. dxc5 Qxc5 13. O-O Be6 14. Nd4
Rfe8 15. Qf3 g6 16. a4 a6 17. N2b3 Qc7 18. a5 Bd7 19. Qg3 Qc4 20. Qd6 Kg7 21.
Nc5 Bc6 22. b3 Qxc3 23. Rac1 Qxa5 0-1

[Event "Oberhausener SV 2 - SK Sodingen/Castrop"]
[Site "Verbandsliga - Gr. 2 2019/202"]
[Date "2019.10.27"]
[Round "2.3"]
[White "Kock, Wolfgang"]
[Black "Gerst, Michael"]
[Result "1-0"]
[WhiteElo "2019"]
[BlackElo "1899"]
[PlyCount "71"]
[EventDate "2019.??.??"]

1. c4 c5 2. Nf3 Nc6 3. d4 cxd4 4. Nxd4 g6 5. Nxc6 bxc6 6. Bd2 Bg7 7. Bc3 Bxc3+
8. Nxc3 Nf6 9. e4 d6 10. Be2 O-O 11. O-O e5 12. Qd2 Qe7 13. Rfd1 Rd8 14. Qh6
Be6 15. b3 Ng4 16. Bxg4 Bxg4 17. Rd3 Rd7 18. Re1 Rad8 19. Rde3 Be6 20. Ne2 f6
21. f4 Qg7 22. Qh4 Re7 23. Qf2 Bc8 24. Rd3 Red7 25. Ng3 Kh8 26. Red1 Qe7 27. f5
g5 28. h4 gxh4 29. Nh5 Bb7 30. Qxh4 d5 31. cxd5 cxd5 32. Qxf6+ Qxf6 33. Nxf6
Rc7 34. Nxd5 Bxd5 35. Rxd5 Re8 36. Rd7 1-0

[Event "Oberhausener SV 2 - SK Sodingen/Castrop"]
[Site "Verbandsliga - Gr. 2 2019/202"]
[Date "2019.10.27"]
[Round "2.4"]
[White "Stefaniak, Christian"]
[Black "Schriewer, Thomas"]
[Result "1-0"]
[WhiteElo "1915"]
[BlackElo "1879"]
[Annotator "Daniel"]
[PlyCount "49"]
[EventDate "2019.??.??"]

1. e4 c5 2. Nf3 e6 3. c3 Nf6 4. e5 Nd5 5. d4 cxd4 6. cxd4 d6 7. Nc3 Nxc3 8.
bxc3 Nd7 9. exd6 Bxd6 10. Bd3 Qc7 11. Bd2 Nf6 12. O-O O-O 13. Re1 b6 14. h3 Bb7
15. Ne5 Rad8 16. Qc2 h6 17. Qc1 Bxe5 18. Rxe5 Nd7 $11 19. Rh5 f5 20. Bxh6 Qc6
21. Rg5 Rf7 22. Rg3 Ne5 23. Qg5 Nxd3 24. Qxd8+ Kh7 25. Qg5 1-0

[Event "Oberhausener SV 2 - SK Sodingen/Castrop"]
[Site "Verbandsliga - Gr. 2 2019/202"]
[Date "2019.10.27"]
[Round "2.5"]
[White "Hessel, Malte"]
[Black "Seibert, Michael"]
[Result "1-0"]
[WhiteElo "1940"]
[BlackElo "1958"]
[PlyCount "125"]
[EventDate "2019.??.??"]

1. d4 g6 2. e4 Bg7 3. Nf3 c5 4. c3 cxd4 5. cxd4 d5 6. e5 Bg4 7. Qb3 Qd7 8. Bb5
Nc6 9. Nbd2 Nh6 10. h3 Bxf3 11. Nxf3 O-O 12. O-O Rfc8 13. Bf4 a6 14. Bxc6 Rxc6
15. Rac1 Rac8 16. Qe3 Nf5 17. Qd2 h5 18. Rxc6 Rxc6 19. Rc1 e6 20. g4 hxg4 21.
hxg4 Ne7 22. Rxc6 Qxc6 23. Bg5 Kf8 24. Bxe7+ Kxe7 25. Qf4 Qa4 26. b3 Qc6 27.
Ng5 f6 28. exf6+ Bxf6 29. Nh7 Bg7 30. Qg5+ Kf7 31. Qf4+ Ke7 32. Ng5 Bf6 33. Nf3
Qc3 34. g5 Bg7 35. Kg2 Qc6 36. Ne5 Qe8 37. Kg3 Kd8 38. Kg4 Kc8 39. a4 Bxe5 40.
Qxe5 Kd7 41. Qg7+ Kc6 42. a5 Kb5 43. Qc7 Qc6 44. Qf7 Qc3 45. Qxg6 Qxd4+ 46. Kh5
Qxf2 47. Qxe6 Qf3+ 48. Kh6 Qh1+ 49. Kg7 Kxa5 50. g6 Qe4 51. Kf7 Qf4+ 52. Ke8
Qg5 53. b4+ Kb5 54. Kf7 Qh5 55. Kg8 d4 56. g7 d3 57. Kf8 Qf3+ 58. Ke7 d2 59.
g8=Q d1=Q 60. Qg5+ Kxb4 61. Qb6+ Kc3 62. Qe5+ Kd2 63. Qb4+ 1-0

[Event "Oberhausener SV 2 - SK Sodingen/Castrop"]
[Site "Verbandsliga - Gr. 2 2019/202"]
[Date "2019.10.27"]
[Round "2.7"]
[White "Evertz, Dieter"]
[Black "Demircan, Baris"]
[Result "1-0"]
[WhiteElo "1922"]
[BlackElo "1775"]
[PlyCount "105"]
[EventDate "2019.??.??"]

1. b3 d5 2. Bb2 c5 3. e3 a6 4. d4 cxd4 5. exd4 Nf6 6. Bd3 Nc6 7. a3 Bg4 8. f3
Bh5 9. Ne2 Bg6 10. Nf4 Bxd3 11. Nxd3 e6 12. Qd2 Bd6 13. O-O Qc7 14. g3 h5 15.
c4 h4 16. g4 h3 17. c5 Be7 18. b4 Nd7 19. Re1 Rh4 20. Qe3 Bf6 21. a4 g5 22. Nd2
a5 23. b5 Nb4 24. Nxb4 axb4 25. Nb3 b6 26. c6 Nf8 27. Nc1 Ng6 28. Qd2 Kf8 29.
Qxb4+ Kg7 30. Nd3 Nf4 31. Ne5 Bxe5 32. Rxe5 f6 33. Re3 Kf7 34. Bc1 f5 35. gxf5
exf5 36. Qb3 Rg8 37. Re5 Kf6 38. Qc2 Qc8 39. Kh1 Ng2 40. Rxd5 Re8 41. Rd6+ Re6
42. Qe2 Rxd4 43. Bxg5+ Kf7 44. Rxe6 Qxe6 45. Qxe6+ Kxe6 46. Kg1 Kd6 47. Bd8 Rc4
48. Bxb6 Rc2 49. Rd1+ Ke6 50. a5 Nh4 51. Rf1 Rg2+ 52. Kh1 Rc2 53. a6 1-0

[Event "Oberhausener SV 2 - SK Sodingen/Castrop"]
[Site "Verbandsliga - Gr. 2 2019/202"]
[Date "2019.10.27"]
[Round "2.8"]
[White "Kraus, Kilian"]
[Black "Cobanoglu, Ferhat"]
[Result "1/2-1/2"]
[WhiteElo "1762"]
[BlackElo "1743"]
[PlyCount "135"]
[EventDate "2019.??.??"]

1. d4 Nf6 2. Nf3 d6 3. g3 Nbd7 4. Bg2 e5 5. dxe5 dxe5 6. O-O Be7 7. Nc3 c6 8.
e4 b5 9. Qe2 a5 10. Rd1 Qc7 11. Be3 Ba6 12. Qe1 O-O 13. h3 Nc5 14. Nd2 b4 15.
Ne2 Ne6 16. f3 c5 17. c3 c4 18. f4 Bc5 19. Qf2 Bxe3 20. Qxe3 Rad8 21. Nf3 exf4
22. gxf4 Rd3 23. Rxd3 cxd3 24. f5 Nc5 25. cxb4 Ncxe4 26. Ned4 Ng3 27. b5 Bb7
28. Qxd3 Be4 29. Qc3 Qb6 30. Kh2 Qd6 31. Kg1 Nd5 32. Qe1 Nb4 33. Rd1 Nd3 34.
Qc3 Nf4 35. Qe1 Qc5 36. Kh2 Nxg2 37. Qxg3 Ne3 38. Rg1 g6 39. fxg6 fxg6 40. Nb3
Qc2+ 41. Nfd2 Nf1+ 42. Rxf1 Rxf1 43. Qd6 Rh1+ 44. Kg3 Rg1+ 45. Kf4 g5+ 46. Ke5
Bf5 47. Kf6 Qc8 48. Nd4 Bxh3 49. b6 Qe8 50. Qd5+ Kh8 51. N2f3 Qg6+ 52. Ke7 Qg7+
53. Qf7 Rg4 54. Qxg7+ Kxg7 55. b7 Re4+ 56. Kd8 Kf8 57. b8=Q Re8+ 58. Kc7 Rxb8
59. Kxb8 g4 60. Ng5 Bf1 61. Nxh7+ Kg7 62. Ng5 Kf6 63. Ne4+ Ke5 64. Ng3 Bc4 65.
Nc6+ Kf4 66. Nh5+ Kg5 67. Ng3 Kf4 68. Nh5+ 1/2-1/2

[Event "Matt Inn Dortmund 1 - Sport Union Annen"]
[Site "Verbandsklasse - Gr. 1 2019/2"]
[Date "2019.10.27"]
[Round "2"]
[White "Wicht, Jürgen"]
[Black "König, Christian"]
[Result "0-1"]
[WhiteElo "2019"]
[BlackElo "2039"]
[PlyCount "74"]
[EventDate "2019.??.??"]

1. d4 g6 2. c4 Bg7 3. Nc3 Nf6 4. e4 O-O 5. Nf3 d6 6. Be2 e5 7. O-O Na6 8. d5
Nc5 9. Qc2 a5 10. Bg5 h6 11. Be3 b6 12. Nd2 Bd7 13. b3 Nh7 14. a3 f5 15. f3 Nf6
16. b4 Na6 17. Rab1 Nh5 18. c5 axb4 19. axb4 bxc5 20. Bxa6 Rxa6 21. b5 Ra8 22.
Nc4 Rb8 23. Qd2 Nf4 24. b6 cxb6 25. Nxd6 h5 26. Ncb5 g5 27. Nc4 Qf6 28. exf5
Bxf5 29. Rbc1 Rfd8 30. Bxf4 exf4 31. Rfe1 Bd7 32. Nc3 Qd4+ 33. Qxd4 Bxd4+ 34.
Kh1 b5 35. Na5 b4 36. Ne4 b3 37. Nxg5 b2 0-1

[Event "Matt Inn Dortmund 1 - Sport Union Annen"]
[Site "Verbandsklasse - Gr. 1 2019/2"]
[Date "2019.10.27"]
[Round "2"]
[White "Al Ali, Mohammad"]
[Black "Böhmfeldt, Bruno"]
[Result "0-1"]
[WhiteElo "1861"]
[BlackElo "2232"]
[PlyCount "104"]
[EventDate "2019.??.??"]

1. Nf3 g6 2. c4 d6 3. Nc3 e5 4. d4 Nd7 5. e4 c6 6. Be3 Qe7 7. Be2 Nh6 8. Qc2 f6
9. Nd2 Nf7 10. g3 Bh6 11. f4 O-O 12. O-O-O Re8 13. Nb3 exd4 14. Bxd4 Nc5 15.
Nxc5 dxc5 16. Bf2 Be6 17. Kb1 Rad8 18. Rhe1 b6 19. Bd3 Nd6 20. Nd5 cxd5 21.
exd5 Qf7 22. dxe6 Rxe6 23. Rxe6 Qxe6 24. Be4 Kh8 25. f5 gxf5 26. Bxf5 Qf7 27.
Qe2 Re8 28. Qg4 Nxf5 29. Qxf5 Qxc4 30. Qxf6+ Bg7 31. Qf4 Qe2 32. Rd2 Qf1+ 33.
Kc2 Rf8 34. Qe3 Qh3 35. Qg5 Qe6 36. Qe3 Qxa2 37. Qb3 Qa1 38. Be3 Qf1 39. Bf4
Qh3 40. Qd5 Bf6 41. Qe4 Qh5 42. Re2 Qg6 43. Qxg6 hxg6 44. h4 Kg7 45. Re6 Bxh4
46. Be5+ Bf6 47. Re7+ Rf7 48. Rxf7+ Kxf7 49. Bb8 a6 50. b3 Ke6 51. Kd3 Kd5 52.
Bf4 Be5 0-1

[Event "Matt Inn Dortmund 1 - Sport Union Annen"]
[Site "Verbandsklasse - Gr. 1 2019/2"]
[Date "2019.10.27"]
[Round "2"]
[White "Kromat, Stefan"]
[Black "Sondermann, Dirk"]
[Result "0-1"]
[WhiteElo "1740"]
[BlackElo "1845"]
[PlyCount "112"]
[EventDate "2019.??.??"]

1. d3 d5 2. Nd2 e6 3. e4 c5 4. Ngf3 Nc6 5. g3 Nf6 6. Bg2 Be7 7. O-O O-O 8. Re1
b5 9. e5 Nd7 10. Nf1 a5 11. h4 Ba6 12. N1h2 a4 13. Bf4 b4 14. Bh3 {(=)} Nd4 15.
Nxd4 cxd4 16. Qg4 Kh8 17. Nf3 Rc8 18. Nxd4 Bc5 19. Nf3 Qb6 20. Re2 b3 21. axb3
axb3 22. Ng5 bxc2 23. Rxa6 Qxa6 24. Qh5 Qxd3 25. Bf1 Qg6 26. Qxg6 hxg6 27. Rxc2
Kg8 28. Bd3 Bb6 29. Re2 Nc5 30. Bb1 Ra8 31. Kg2 Nb3 32. Re1 Rfc8 33. Rh1 Bd4
34. h5 gxh5 35. Rxh5 Ra1 36. Bh7+ Kf8 37. Bd3 Ke7 38. Nf3 Bxb2 39. Rh7 Rc3 40.
Bg5+ Kd7 41. Bb5+ Kc8 42. Rxg7 Rxf3 43. Kxf3 Nd4+ 44. Kg2 Nxb5 45. Rxf7 Bxe5
46. Re7 Nc7 47. g4 Ra2 48. Kf1 Ra4 49. f3 Bd6 50. Rh7 e5 51. Bh6 Ne6 52. g5 Nf4
53. Rh8+ Kd7 54. Rg8 Bc5 55. Ke1 Be3 56. Kd1 Rc4 0-1

[Event "Matt Inn Dortmund 1 - Sport Union Annen"]
[Site "Verbandsklasse - Gr. 1 2019/2"]
[Date "2019.10.27"]
[Round "2"]
[White "Hartung, Thomas"]
[Black "Fork, Raphael"]
[Result "1/2-1/2"]
[WhiteElo "1902"]
[BlackElo "1873"]
[PlyCount "137"]
[EventDate "2019.??.??"]

1. e4 c5 2. Nf3 Nc6 3. d4 cxd4 4. Nxd4 e5 5. Nb5 d6 6. N1c3 a6 7. Na3 b5 8. Nd5
Nge7 9. c3 Nxd5 10. exd5 Ne7 11. Be3 Nf5 12. Bd2 Be7 13. Bd3 Bg5 14. O-O Bxd2
15. Qxd2 O-O 16. Nc2 Ne7 17. a4 bxa4 18. Rxa4 f5 19. Rfa1 Ng6 20. Nb4 Nf4 21.
Bf1 Qg5 22. Qe3 Rf6 23. Nd3 Bb7 24. Nxf4 exf4 25. Qxf4 Qxf4 26. Rxf4 Bxd5 27.
Rb4 Kf8 28. Rxa6 Rxa6 29. Bxa6 Rg6 30. Bb7 Rxg2+ 31. Kf1 Bxb7 32. Rxb7 Rxh2 33.
b4 Rh4 34. Rc7 Ke8 35. Rxg7 Rc4 36. Rg3 f4 37. Rh3 d5 38. Ke2 d4 39. cxd4 Rxb4
40. Rxh7 Rxd4 {(=)} 41. Kf3 Kf8 42. Rh4 Rd3+ 43. Ke4 Rd2 44. Rxf4+ Kg7 45. Kf5
Ra2 46. Kg5 Ra1 47. Rg4 Ra5+ 48. Kh4+ Kf7 49. f4 Ra4 50. Kg5 Kg7 51. Rg1 Ra5+
52. f5 Ra6 53. Rb1 Kf7 54. Rb7+ Kf8 55. Kf4 Rc6 56. Rd7 Ra6 57. Ke5 Rb6 58. Rc7
Ra6 59. Rc8+ Kf7 60. Rc7+ Kf8 61. Rd7 Rb6 62. f6 Rb1 63. Rd4 Re1+ 64. Re4 Rxe4+
65. Kxe4 Kf7 66. Ke5 Kf8 67. Ke6 Ke8 68. f7+ Kf8 69. Kf6 1/2-1/2

[Event "Matt Inn Dortmund 1 - Sport Union Annen"]
[Site "Verbandsklasse - Gr. 1 2019/2"]
[Date "2019.10.27"]
[Round "2"]
[White "Schmitz, Martin"]
[Black "Jeschke, Holger"]
[Result "1/2-1/2"]
[WhiteElo "1819"]
[BlackElo "1877"]
[PlyCount "49"]
[EventDate "2019.??.??"]

1. e4 c6 2. d4 d5 3. e5 Bf5 4. Bd3 Bxd3 5. Qxd3 e6 6. Ne2 Ne7 7. O-O Nd7 8. c3
h5 9. Na3 Nf5 10. Nc2 g6 11. Ne3 Nxe3 12. fxe3 Qe7 13. e4 Bh6 14. exd5 exd5 15.
Bxh6 Rxh6 16. Qe3 Rh7 17. Rf3 O-O-O 18. Raf1 Re8 19. Re1 f6 20. Nf4 g5 21. Nd3
Qe6 22. exf6 Qxe3+ 23. Rfxe3 Rxe3 24. Rxe3 Nxf6 25. Re5 {(=)} 1/2-1/2

[Event "Matt Inn Dortmund 1 - Sport Union Annen"]
[Site "Verbandsklasse - Gr. 1 2019/2"]
[Date "2019.10.27"]
[Round "2"]
[White "Rudak, Bartholomaeus"]
[Black "Meinike, Thorsten"]
[Result "1-0"]
[WhiteElo "1859"]
[BlackElo "1790"]
[PlyCount "57"]
[EventDate "2019.??.??"]

1. f4 d5 2. Nf3 c5 3. e3 Nf6 4. d4 Nc6 5. c3 e6 6. Bd3 b6 7. Nbd2 cxd4 8. exd4
Bd6 9. Ne5 Bb7 10. O-O O-O 11. Rf3 Ne7 12. Qe2 g6 13. g4 Re8 14. Rh3 Qc8 15.
Qe1 Bxe5 16. fxe5 Nxg4 17. Qh4 h5 18. Qg5 Ba6 19. Bb1 Nf5 20. Bxf5 exf5 21. Rg3
Qd8 22. Qf4 Qc7 23. Nf3 Qc4 24. Be3 Nxe3 25. Qxe3 Kg7 26. Qg5 Re6 27. Nh4 Rae8
28. Nxf5+ Kg8 29. Qh6 1-0

[Event "Matt Inn Dortmund 1 - Sport Union Annen"]
[Site "Verbandsklasse - Gr. 1 2019/2"]
[Date "2019.10.27"]
[Round "2"]
[White "Jelisavac, Nenad"]
[Black "Helbig, Dieter"]
[Result "0-1"]
[WhiteElo "1440"]
[BlackElo "1613"]
[PlyCount "120"]
[EventDate "2019.??.??"]

1. Nf3 Nf6 2. c4 e6 3. Nc3 d5 4. cxd5 exd5 5. d4 Bd6 6. Bg5 Nbd7 7. Nxd5 c6 8.
Nc3 Qa5 9. Bd2 Qf5 10. Rc1 O-O 11. Qc2 Qxc2 12. Rxc2 Re8 13. e3 Nb6 14. Bd3
Nbd5 15. O-O Nb4 16. Ne4 Nxe4 17. Bxe4 Rxe4 18. Rc4 Nd5 19. Re1 Bf5 20. Ng5 Re7
21. Rcc1 Rae8 22. a3 f6 23. Nf3 Bd3 24. Bc3 Bg6 25. Bd2 Be4 26. Bc3 Bxf3 27.
gxf3 f5 28. f4 Nxc3 29. Rxc3 Bxf4 30. Rec1 Bd6 31. Kg2 f4 32. Re1 fxe3 33. fxe3
Re4 34. Rd3 Rf8 35. Re2 Rg4+ 36. Kh3 Re4 37. Kg2 h5 38. Rd1 Rg4+ 39. Kh1 Re4
40. Kg2 Rf5 41. Kh1 Rf3 42. Rde1 g5 43. Kg2 g4 44. a4 Bb4 45. Rf1 Rxf1 46. Kxf1
Bd6 47. Kg2 Kf7 48. Rf2+ Ke6 49. Re2 a5 50. b3 b5 51. axb5 cxb5 52. h3 Kd5 53.
hxg4 hxg4 54. Kf2 a4 55. bxa4 bxa4 56. Ra2 a3 57. Rc2 Re8 58. Ke2 Rb8 59. Kd3
Rb3+ 60. Kd2 Rb2 0-1

[Event "SK Germania Kupferdreh 1 - SV Günnigfel"]
[Site "Verbandsklasse - Gr. 1 2019/2"]
[Date "2019.10.27"]
[Round "2.1"]
[White "Freisen, Thomas"]
[Black "Unteregge, Michael"]
[Result "1/2-1/2"]
[WhiteElo "1949"]
[BlackElo "2050"]
[PlyCount "29"]
[EventDate "2019.??.??"]

1. d4 Nf6 2. c4 e6 3. g3 d5 4. Bg2 Be7 5. Nf3 O-O 6. O-O dxc4 7. Ne5 Nc6 8.
Nxc6 bxc6 9. Na3 Bxa3 10. bxa3 Ba6 11. Bxc6 Rb8 12. Qa4 Rb6 13. Bd2 Qd6 14. Bf3
Bb5 15. Qxa7 1/2-1/2

[Event "SK Germania Kupferdreh 1 - SV Günnigfel"]
[Site "Verbandsklasse - Gr. 1 2019/2"]
[Date "2019.10.27"]
[Round "2.2"]
[White "Krimphoff, Ingo"]
[Black "Kuekenbrink, Christopher"]
[Result "0-1"]
[WhiteElo "1953"]
[BlackElo "1893"]
[PlyCount "70"]
[EventDate "2019.??.??"]

1. Nf3 Nf6 2. c4 g6 3. Nc3 Bg7 4. g3 O-O 5. Bg2 d6 6. O-O e5 7. d3 Nc6 8. Rb1
a5 9. a3 Re8 10. e4 h6 11. h3 Be6 12. Be3 Qd7 13. Kh2 Nh5 14. Nh4 Qd8 15. Qe1
Nf4 16. Qd2 Nd4 17. gxf4 Qxh4 18. Bxd4 exd4 19. Nd5 Qd8 20. e5 dxe5 21. fxe5
Bxe5+ 22. f4 Bg7 23. f5 Bxf5 24. Kh1 c6 25. Nf4 Qh4 26. Rf3 Bg4 27. Rf2 g5 28.
Kg1 Bd7 29. Ne2 Re3 30. Rbf1 f5 31. Rf3 Rae8 32. Ng3 Rxf3 33. Rxf3 g4 34. hxg4
fxg4 35. Qf4 Rf8 0-1

[Event "SK Germania Kupferdreh 1 - SV Günnigfel"]
[Site "Verbandsklasse - Gr. 1 2019/2"]
[Date "2019.10.27"]
[Round "2.3"]
[White "Markus, Peter"]
[Black "Praemaßing, Reiner"]
[Result "1/2-1/2"]
[WhiteElo "1924"]
[BlackElo "1855"]
[PlyCount "34"]
[EventDate "2019.??.??"]

1. e4 c5 2. Nf3 e6 3. d4 cxd4 4. Nxd4 a6 5. Bd3 Nc6 6. Be3 Bd6 7. O-O Qc7 8. h3
Nge7 9. Nd2 Ng6 10. N2f3 Nf4 11. c3 f6 12. Ne2 Nxd3 13. Qxd3 O-O 14. Rfd1 Be7
15. Bf4 Ne5 16. Nxe5 fxe5 17. Be3 d6 1/2-1/2

[Event "SK Germania Kupferdreh 1 - SV Günnigfel"]
[Site "Verbandsklasse - Gr. 1 2019/2"]
[Date "2019.10.27"]
[Round "2.4"]
[White "Bauriedel, Friedrich"]
[Black "Radi, Guenter"]
[Result "1/2-1/2"]
[WhiteElo "1803"]
[BlackElo "1874"]
[PlyCount "95"]
[EventDate "2019.??.??"]

1. Nf3 c5 2. g3 Nc6 3. Bg2 d5 4. d4 e6 5. O-O Nf6 6. c4 Bd7 7. cxd5 Nxd5 8. e4
Nb6 9. d5 Ne7 10. Nc3 Ng6 11. a4 a5 12. Re1 e5 13. h4 h5 14. b3 Nc8 15. Ng5 f6
16. Nh3 Bd6 17. Be3 b6 18. Qd2 Nce7 19. Rf1 Qc7 20. f4 exf4 21. Nxf4 Ne5 22.
Nb5 Qb8 23. Ne6 Bxe6 24. dxe6 Nc8 25. Rad1 Ke7 26. Bf4 Ra7 27. Nxd6 Qxd6 28.
Bh3 Qxd2 29. Rxd2 Nc6 30. Rd7+ Rxd7 31. exd7 Nd6 32. e5 Nxe5 33. Rd1 Ndf7 34.
Kf2 g5 35. Bxe5 Nxe5 36. Bf5 g4 37. Ke3 Rd8 38. Kf4 Rf8 39. Rd2 Kd8 40. Rd6 Kc7
41. Re6 Nxd7 42. Re7 Rd8 43. Rh7 Kd6 44. Rxh5 Ne5 45. Bxg4 Nxg4 46. Kxg4 Ke6
47. Rf5 Rd3 48. Rf3 1/2-1/2

[Event "SK Germania Kupferdreh 1 - SV Günnigfel"]
[Site "Verbandsklasse - Gr. 1 2019/2"]
[Date "2019.10.27"]
[Round "2.5"]
[White "Funke, Eckhard"]
[Black "Zagrabski, Kevin"]
[Result "1/2-1/2"]
[WhiteElo "1832"]
[BlackElo "1897"]
[PlyCount "60"]
[EventDate "2019.??.??"]

1. d4 g6 2. c4 Bg7 3. Nc3 d6 4. h3 Nc6 5. Nf3 e5 6. dxe5 Nxe5 7. Nxe5 Bxe5 8.
e3 Ne7 9. Be2 O-O 10. O-O Bd7 11. Nd5 c6 12. Nxe7+ Qxe7 13. f4 Bg7 14. Bg4 Be6
15. Qc2 f5 16. Be2 d5 17. Rb1 dxc4 18. Bxc4 Qf7 19. b3 Rfe8 20. Bxe6 Qxe6 21.
Re1 Qe4 22. Qxe4 Rxe4 23. Bb2 Bxb2 24. Rxb2 Rd8 25. Kf2 Kf7 26. Ke2 Re6 27. Rd2
Red6 28. Rxd6 Rxd6 29. g4 Ke6 30. Rg1 Rd7 1/2-1/2

[Event "SK Germania Kupferdreh 1 - SV Günnigfel"]
[Site "Verbandsklasse - Gr. 1 2019/2"]
[Date "2019.10.27"]
[Round "2.7"]
[White "Brinkmann, Uwe"]
[Black "Schaefer, Johannes"]
[Result "1-0"]
[WhiteElo "1913"]
[BlackElo "1736"]
[PlyCount "31"]
[EventDate "2019.??.??"]

1. d4 g6 2. Nf3 Bg7 3. g3 d6 4. Bg2 Nc6 5. O-O e5 6. dxe5 Nxe5 7. Nxe5 Bxe5 8.
Nd2 Ne7 9. Nf3 Bg7 10. c3 O-O 11. Qb3 b6 12. Nd4 Rb8 13. Bg5 Bxd4 14. cxd4 c5
15. dxc5 bxc5 16. Qxb8 1-0

[Event "SK Germania Kupferdreh 1 - SV Günnigfel"]
[Site "Verbandsklasse - Gr. 1 2019/2"]
[Date "2019.10.27"]
[Round "2.8"]
[White "Wuthcke, Dieter"]
[Black "Bender, Markus"]
[Result "1/2-1/2"]
[WhiteElo "1734"]
[BlackElo "1832"]
[PlyCount "48"]
[EventDate "2019.??.??"]

1. d4 d5 2. c4 e6 3. Nf3 c6 4. e3 f5 5. a3 Nf6 6. Nbd2 Bd6 7. b4 Nbd7 8. Bb2
O-O 9. g3 Ne4 10. Bg2 Ndf6 11. O-O Bd7 12. Rc1 Be8 13. Ne5 g5 14. f3 Nxd2 15.
Qxd2 Qe7 16. Rce1 Qg7 17. e4 Bc7 18. Nd3 b6 19. e5 Nd7 20. cxd5 cxd5 21. Rc1
Bd8 22. Rc2 f4 23. g4 Nb8 24. Ba1 Qb7 1/2-1/2

[Event "SV Kamen 2 - SF Essen-Werden 2"]
[Site "Verbandsklasse - Gr. 1 2019/2"]
[Date "2019.10.27"]
[Round "2.1"]
[White "Gockel, Mirco"]
[Black "Koch, Marcel"]
[Result "1/2-1/2"]
[WhiteElo "1913"]
[BlackElo "1934"]
[PlyCount "31"]
[EventDate "2019.??.??"]

1. c4 Nf6 2. g3 e6 3. Bg2 d5 4. d4 Be7 5. Nf3 O-O 6. O-O b6 7. b3 Bb7 8. Bb2
Nbd7 9. Nbd2 Rc8 10. Rc1 c5 11. Ne5 cxd4 12. Bxd4 Nxe5 13. Bxe5 Nd7 14. Bb2 Bf6
15. Bxf6 Nxf6 16. cxd5 1/2-1/2

[Event "SV Kamen 2 - SF Essen-Werden 2"]
[Site "Verbandsklasse - Gr. 1 2019/2"]
[Date "2019.10.27"]
[Round "2.2"]
[White "Traunecker, Thomas"]
[Black "Bury, Tobias"]
[Result "1/2-1/2"]
[WhiteElo "1874"]
[BlackElo "1866"]
[PlyCount "30"]
[EventDate "2019.??.??"]

1. e4 c5 2. Nf3 e6 3. d4 cxd4 4. Nxd4 a6 5. Be2 Nf6 6. Bf3 Qc7 7. O-O Nc6 8. g3
Nxd4 9. Qxd4 Bc5 10. Qd3 O-O 11. c4 Be7 12. b3 d6 13. Bb2 Nd7 14. Bg2 b6 15. e5
Rb8 1/2-1/2

[Event "SV Kamen 2 - SF Essen-Werden 2"]
[Site "Verbandsklasse - Gr. 1 2019/2"]
[Date "2019.10.27"]
[Round "2.3"]
[White "Blank, Stephan"]
[Black "Bals, Jochen"]
[Result "1/2-1/2"]
[WhiteElo "1814"]
[BlackElo "1887"]
[PlyCount "30"]
[EventDate "2019.??.??"]

1. e4 c5 2. Nc3 Nc6 3. f4 g6 4. Nf3 Bg7 5. Bc4 e6 6. O-O Nge7 7. d3 O-O 8. a4
d5 9. Ba2 dxe4 10. dxe4 Qxd1 11. Rxd1 Nd4 12. Nxd4 Bxd4+ 13. Kh1 Bd7 14. Nb5
Rfd8 15. Bc4 Bc6 1/2-1/2

[Event "SV Kamen 2 - SF Essen-Werden 2"]
[Site "Verbandsklasse - Gr. 1 2019/2"]
[Date "2019.10.27"]
[Round "2.4"]
[White "Georg, Felix"]
[Black "Brixius, Dirk"]
[Result "1/2-1/2"]
[WhiteElo "1963"]
[BlackElo "1793"]
[PlyCount "132"]
[EventDate "2019.??.??"]

1. d4 d5 2. c4 c6 3. Nf3 Nf6 4. Nc3 e6 5. Bg5 h6 6. Bh4 Nbd7 7. e3 Be7 8. Qc2
O-O 9. Bd3 dxc4 10. Bxc4 b5 11. Bd3 Bb7 12. O-O a6 13. Rfd1 Qb6 14. Rac1 c5 15.
Qe2 Bxf3 16. Qxf3 cxd4 17. exd4 Rac8 18. a3 Rfd8 19. Bb1 Rc4 20. Bg3 Rxd4 21.
Rxd4 Qxd4 22. Qb7 Nd5 23. Nxd5 Qxd5 24. Qxd5 exd5 25. Rd1 Nf6 26. f3 Bc5+ 27.
Kf1 Kf8 28. Be5 Be3 29. Bf5 d4 30. Bd3 Nd5 31. Be4 f6 32. Bg3 Kf7 33. Ke2 Ke6
34. Be1 Nf4+ 35. Kf1 f5 36. Bb1 Rc8 37. g3 Nd5 38. Ke2 Rc1 39. Bd3 h5 40. h3 g6
41. Bb1 Nb6 42. b3 Nd5 43. Bd3 h4 44. Rxc1 Bxc1 45. a4 bxa4 46. bxa4 hxg3 47.
Bxg3 Nc3+ 48. Kf1 Nxa4 49. Bc4+ Kd7 50. Be5 Be3 51. Bxa6 Nc5 52. Bc4 d3 53. h4
f4 54. Bf7 d2 55. Ke2 Nd3 56. Bc3 Ne1 57. Bxg6 Nxf3 58. h5 Ng1+ 59. Kd1 f3 60.
Bxd2 f2 61. Bd3 Bd4 62. Kc2 Ke6 63. h6 Kf7 64. Bc3 Nf3 65. Bxd4 Nxd4+ 66. Kd2
Nf5 1/2-1/2

[Event "SV Kamen 2 - SF Essen-Werden 2"]
[Site "Verbandsklasse - Gr. 1 2019/2"]
[Date "2019.10.27"]
[Round "2.5"]
[White "Biermann, Klaus"]
[Black "Spaeh, Jan Lukas"]
[Result "1/2-1/2"]
[WhiteElo "1811"]
[BlackElo "1726"]
[PlyCount "49"]
[EventDate "2019.??.??"]

1. c4 g6 2. Nc3 Bg7 3. g3 Nf6 4. Bg2 d6 5. e4 Nc6 6. Nge2 O-O 7. O-O Rb8 8. h3
a6 9. a4 a5 10. d3 Nd7 11. f4 f5 12. Rb1 Nb4 13. b3 Nc5 14. d4 Nxe4 15. Nxe4
fxe4 16. d5 e5 17. Kh2 Qe8 18. fxe5 Bxe5 19. Rxf8+ Qxf8 20. Bf4 Nd3 21. Bxe5
Nxe5 22. Qf1 Bd7 23. Bxe4 Qxf1 24. Rxf1 Rf8 25. Rxf8+ 1/2-1/2